| 000 | 00755nab a2200229 u 4500 | ||
|---|---|---|---|
| 001 | 16882 | ||
| 003 | HDC | ||
| 007 | cr bn ---aaaaa | ||
| 008 | 210222c20100522xx dr|noo 0 a eng d | ||
| 040 | _aHDC | ||
| 245 | 0 | _aMalaysia: 'Tailor goods for Muslim consumers' | |
| 260 |
_a[No place] : _b[publisher not identified], _c2010 |
||
| 336 |
_atext _2rdacontent |
||
| 337 |
_acomputer _2rdamedia |
||
| 338 |
_aonline resource _2rdacarrier |
||
| 650 |
_aMuslim consumers _91443 |
||
| 650 |
_atailor products _916530 |
||
| 856 | _zRequest full-text at [email protected] | ||
| 942 | _2lcc | ||
| 942 | _cNEWS | ||
| 942 | _kNWSO 005789 | ||
| 999 |
_c14198 _d14198 |
||